000 00319nam a22001337a 4500
008 171030b xxu||||| |||| 00| 0 eng d
020 _a9780072946734
041 _aeng
080 _25 ED
_a336
100 _a57
101 _aFIN
245 _aESSENTIALS OF COR[PORATE FINANACE
_cWESTERFIELD .J.R
942 _2udc
_cBK
999 _c36421
_d36421